[Event "45th Olympiad 2024"]
[Site "Budapest HUN"]
[Date "2024.09.15"]
[Round "5.81"]
[Board "2"]
[White "Yahi, Mohamed Salem"]
[Black "Dlamini Simphiwe"]
[Result "0-1"]
[WhiteElo "1868"]
[BlackElo "1747"]
[PlyCount "96"]
[EventDate "2024.09.11"]
[WhiteTeam "Mauritania"]
[BlackTeam "Eswatini"]
[WhiteTeamCountry "MAU"]

1. e4 e5 2. Nf3 Nc6 3. Bc4 Be7 4. d4 d6 5. d5 Nb8 6. h3 f5 ({RR} 6... Nf6 7. Bd3 O-O 8. c4 c6 9. Nc3 Nbd7 10. Be3 Nc5 11. Bxc5 dxc5 12. Nxe5 Bd6 13. Nf3 Re8 14. O-O Nd7 15. Qd2 Qf6 16. Rae1 Bf4 17. Qc2 h6 18. Ne2 Bc7 19. Ng3 g6 20. Kh1 Kg7 21. Nh2 {1-0 Polivanov,A (2426)-Sivuk,V (2552) EU-ch blitz Minsk 2015 (6.37)}) 7. Nc3 Nf6 8. Bb5+ $146 ({RR} 8. Qe2 h6 9. Nh4 f4 10. Ng6 Rg8 11. g3 fxg3 12. f4 Kf7 13. Nxe5+ dxe5 14. fxe5 Bd6 15. exf6 gxf6 16. e5 g2 17. e6+ Ke7 18. Rg1 Bg3+ 19. Kd1 Nc6 20. Bd2 Ne5 21. d6+ Kxd6 22. e7 Kxe7 {½-½ Souza,R (1719)-Souza dos Santos,M (2031) BRA-ch U2300 Amateurs 2022 (2)}) ({RR} 8. exf5 Bxf5 9. g4 Bc8 10. Be3 O-O 11. Nxe5 dxe5 12. d6+ Kh8 13. dxe7 Qxe7 14. g5 Ne8 15. Nd5 Qd6 16. Qh5 Bf5 17. O-O-O Nc6 18. a3 a5 19. Nf4 exf4 20. Rxd6 Nxd6 21. Bxf4 Bg6 22. Qh4 Nxc4 {0-1 Schoetz,H (1817)-Hinkmann,J (2088) Ruhrgebiet VK3 0910 2009 (1.4)}) ({RR} 8. exf5 Bxf5 9. g4 Bc8 10. g5 Nfd7 11. Nh4 g6 12. Bd3 Nc5 13. Nxg6 Nxd3+ 14. Qxd3 hxg6 15. Qxg6+ Kf8 16. h4 Qd7 17. f4 Qg4 18. Rf1 e4 19. Qxe4 Bf5 20. Qd4 Rxh4 21. Be3 Nd7 22. Ne4 Bxe4 {0-1 Rubio Doblas,R (2090)-Lopez Sanchez,M (2125) Malaga-chT Preferente 1999 (6)}) 8... Nbd7 9. Ng5 O-O 10. Ne6 Qe8 11. Nxc7 Qg6 12. exf5 Qxg2 13. Rf1 Nc5 14. Be3 Bxf5 15. Nxa8 a6 16. Be2 Bxh3 17. Bxc5 dxc5 18. Nc7 Ng4 19. d6 Bh4 20. Qd5+ Qxd5 21. N7xd5 Nxf2 22. Rxf2 Bxf2+ 23. Kd2 b5 24. Rd1 Bd4 25. Ne4 g6 26. c3 Bf2 27. Nxf2 Rxf2 28. Ke3 Rf7 29. c4 b4 30. Bf3 Kf8 31. Nc7 h5 32. Nxa6 Rxf3+ 33. Kxf3 Bg4+ 34. Ke4 Bxd1 35. Nxc5 h4 36. Kxe5 h3 37. Ne4 Bf3 38. Ng3 Ke8 39. Nf1 Be2 40. Ng3 Bxc4 41. Kd4 Bxa2 42. Kc5 b3 43. Kd5 Bb1 44. Ke5 Kd7 45. Kd5 h2 46. Ke5 Bf5 47. Kf4 Kxd6 48. Nh1 Kd5 0-1

[Event "45th Olympiad 2024"]
[Site "Budapest HUN"]
[Date "2024.09.15"]
[Round "5.81"]
[Board "3"]
[White "Mbongeni, Mabuza"]
[Black "Abdellahi Khaled Abdellahi"]
[Result "1/2-1/2"]
[WhiteElo "1784"]
[BlackElo "1894"]
[PlyCount "44"]
[EventDate "2024.09.11"]
[WhiteTeam "Eswatini"]
[BlackTeam "Mauritania"]
[BlackTeamCountry "MAU"]

1. d4 d5 2. c4 c6 3. Nf3 Nf6 4. e3 e6 5. Bd3 dxc4 6. Bxc4 b5 7. Bd3 Bb7 8. O-O a6 9. b3 Be7 10. Bb2 O-O 11. Nbd2 c5 12. Rc1 Nbd7 13. Bb1 Rc8 $146 ({RR} 13... cxd4 14. Nxd4 Rc8 15. Qe2 Qb6 16. Kh1 Bd6 17. N2f3 Bb8 18. e4 Qd6 19. Rce1 Qe7 20. Nd2 g6 21. f4 e5 22. fxe5 Nxe5 23. N2f3 Nfd7 24. Nxe5 Nxe5 25. Nf3 Rce8 26. Qf2 Nxf3 27. gxf3 Bf4 28. e5 {½-½ Puskar,P (2063)-Vegh,V (1938) SVK-chT2A 1314 2013 (11.6)}) 14. Qe2 Qb6 15. e4 cxd4 16. e5 Nd5 17. Bxd4 Qa5 18. Ne4 Nf4 19. Qe3 Nd5 20. Qe2 Nf4 21. Qe3 Nd5 22. Qe2 Nf4 1/2-1/2

[Event "45th Olympiad 2024"]
[Site "Budapest HUN"]
[Date "2024.09.15"]
[Round "5.81"]
[Board "4"]
[White "Cheikhna, Mohamed Lemine"]
[Black "Mtsetfwa Philani"]
[Result "0-1"]
[WhiteElo "1884"]
[BlackElo "1688"]
[PlyCount "64"]
[EventDate "2024.09.11"]
[WhiteTeam "Mauritania"]
[BlackTeam "Eswatini"]
[WhiteTeamCountry "MAU"]

1. e4 e5 2. Nc3 Nc6 3. Bc4 Nf6 4. d3 Be7 5. a3 d6 ({RR} 5... a6 6. Nge2 b5 7. Ba2 Bb7 8. O-O O-O 9. h3 Nd4 10. Nxd4 exd4 11. Ne2 c5 12. Ng3 d5 13. e5 Ne8 14. f4 f6 15. Bd2 Nc7 16. Qe2 fxe5 17. fxe5 Qd7 18. Rxf8+ Rxf8 19. Rf1 Rxf1+ 20. Qxf1 {0-1 Skliarov,V (2353)-Klabis,R (2366) EU-ch blitz Katowice 2017 (10)}) 6. h3 ({RR} 6. f4 exf4 7. Nf3 Be6 8. Bxe6 fxe6 9. Bxf4 e5 10. Bg3 Qd7 11. O-O O-O-O 12. b4 h5 13. b5 Nb8 14. a4 Ng4 15. Qd2 h4 16. Bf2 Nxf2 17. Qxf2 g5 18. Qxa7 g4 19. Nd2 Bg5 20. Nc4 Bf4 {1-0 Jaskolka,T (2241)-Caku,K (1796) Titled Tue 9th Apr Early 2024 (6)}) 6... O-O 7. Nge2 Be6 8. O-O $146 ({RR} 8. Nd5 Bxd5 9. exd5 Na5 10. Ba2 b6 11. O-O Nd7 12. b4 Nb7 13. Bb2 a5 14. Bc4 f5 15. Ng3 Bh4 16. Qf3 g6 17. Rfe1 Qg5 18. Nf1 Qf6 19. Bb5 Rf7 20. Bc6 Ra7 21. Bc3 Nd8 22. Bb5 Bg5 {0-1 Skliarov,V (2384)-Abdilkhair,A (2268) Titled Tue 7th Feb Early 2023 (7)}) 8... d5 9. exd5 Nxd5 10. Nxd5 Bxd5 11. Bxd5 Qxd5 12. Nc3 Qd7 13. Be3 f5 14. f4 exf4 15. Bxf4 Bc5+ 16. Kh1 Rae8 17. Qd2 Nd4 18. Rae1 Rxe1 19. Rxe1 Ne6 20. Be3 Bd6 21. Ne2 f4 22. Bg1 f3 23. Nd4 Nxd4 24. Bxd4 Bg3 25. Rf1 Qxd4 26. gxf3 Qxb2 27. Qg5 Bf4 28. Qd5+ Kh8 29. Qc5 Bd6 30. Qc4 Qe5 31. Rf2 Qg3 32. Qd4 Re8 0-1

[Event "45th Olympiad 2024"]
[Site "Budapest HUN"]
[Date "2024.09.15"]
[Round "5.82"]
[Board "1"]
[White "Celis, Joel"]
[Black "De Mey, Juan Pablo"]
[Result "0-1"]
[WhiteElo "1929"]
[BlackElo "1992"]
[PlyCount "101"]
[EventDate "2024.09.11"]
[WhiteTeam "Macau, China"]
[BlackTeam "Aruba"]
[BlackTeamCountry "ARN"]

1. Nf3 Nf6 2. d3 d5 3. Bg5 Nc6 ({RR} 3... Nbd7 4. h3 e5 5. e3 Bd6 6. Be2 O-O 7. Nbd2 h6 8. Bh4 Re8 9. O-O c6 10. Bg3 Nf8 11. Re1 Ng6 12. Nf1 Be6 13. Nh4 Nf8 14. c3 Qb6 15. Qc2 g5 16. Nf3 Bf5 17. e4 dxe4 18. Ne3 {½-½ Nguyen,N (2567)-Le,Q (2583) WMSG Rapid 1st 2008 (9)}) 4. Nbd2 Bf5 $146 ({RR} 4... e5 5. c3 Be7 6. Qc2 O-O 7. e4 Be6 8. Be2 h6 9. Bh4 Nh5 10. Bg3 dxe4 11. dxe4 Nf4 12. Bxf4 exf4 13. Nb3 Bd6 14. Nbd4 Ne5 15. Nxe5 Bxe5 16. Nxe6 fxe6 17. Bg4 Qf6 18. Qb3 Rae8 19. O-O-O {0-1 Benvenuti,C (2165)-Naumkin,I (2493) Montecatini Terme2 1999 (4)}) ({RR} 4... e5 5. e4 dxe4 6. dxe4 Bc5 7. Bb5 Bg4 8. O-O O-O 9. Bxc6 bxc6 10. h3 Bxf3 11. Qxf3 Be7 12. Nc4 Nd7 13. Be3 Bd6 14. Rad1 Qe7 15. Rd2 Nb6 16. Na5 Qe8 17. Rfd1 Bb4 18. c3 Bxa5 19. b4 {1-0 Abdilkhair,A (2258)-Bodi,T (2278) Titled Tue 24th Oct Early 2023 (1)}) ({RR} 4... Qd6 5. e4 Bg4 6. Be2 Bxf3 7. Bxf3 dxe4 8. dxe4 h6 9. Be3 Ne5 10. O-O g5 11. Be2 Bg7 12. c3 O-O 13. f3 Rad8 14. Qb3 b6 15. Nc4 Nxc4 16. Bxc4 e5 17. Rad1 Qe7 18. Rxd8 Rxd8 19. Rd1 {½-½ Haque,R (2002)-Ratnojoy,T (1800) Dhaka Bangabandhu op-B 2021 (4)}) ({RR} 4... e5 5. e4 d4 6. Be2 Be6 7. O-O h6 8. Bh4 g5 9. Bg3 Nd7 10. c3 Bg7 11. cxd4 exd4 12. a3 a5 13. Rc1 O-O 14. Nb3 Ra6 15. Nc5 Nxc5 16. Rxc5 Rb6 17. Qc1 Qe7 18. h4 f6 19. Re1 {0-1 Sibilio,M (2279)-Besedes,D (2302) Titled Tuesday intern op 04th Oct Late blitz 2022 (2)}) 5. e3 e5 6. d4 exd4 7. exd4 Nb4 8. Bb5+ c6 9. Ba4 b5 10. Bb3 Be7 11. O-O O-O 12. Ne5 Qc7 13. c3 Na6 14. Qf3 Be6 15. a4 bxa4 16. Bxa4 Nb8 17. Nb3 c5 18. Bf4 c4 19. Nd7 Qd8 20. Nxf8 Bg4 21. Qg3 cxb3 22. Nxh7 Kxh7 23. Rfe1 Be6 24. Be5 Nbd7 25. Bc6 Rc8 26. Bb7 Rc4 27. Ba6 Nxe5 28. dxe5 Nd7 29. Bxc4 dxc4 30. Rxa7 Nc5 31. Qf3 g6 32. Rd1 Nd3 33. Qb7 Bc5 34. Ra8 Qb6 35. Qxb6 Bxb6 36. Rd2 Nxe5 37. Rd6 Bc5 38. Rxe6 fxe6 39. Ra4 Kg7 40. Kf1 g5 41. Ke2 Kf6 42. h4 gxh4 43. f4 Nd3 44. Rxc4 Nxb2 45. Rxc5 Na4 46. Rc4 b2 47. Rxa4 b1=Q 48. Rd4 Qc2+ 49. Kf3 Qxc3+ 50. Ke4 Qe1+ 51. Kf3 0-1

[Event "45th Olympiad 2024"]
[Site "Budapest HUN"]
[Date "2024.09.15"]
[Round "5.82"]
[Board "2"]
[White "Stetsenko, Ilya"]
[Black "Mak, Tong Kuan"]
[Result "0-1"]
[WhiteElo "1903"]
[BlackElo "1902"]
[PlyCount "74"]
[EventDate "2024.09.11"]
[WhiteTeam "Aruba"]
[BlackTeam "Macau, China"]
[WhiteTeamCountry "ARN"]

1. e4 c6 2. Nf3 d5 3. d3 dxe4 4. dxe4 Qxd1+ 5. Kxd1 b6 ({RR} 5... Bg4 6. Be2 Nd7 7. Nd4 Bxe2+ 8. Kxe2 e5 9. Nb3 Ngf6 10. f3 Nc5 11. Nxc5 Bxc5 {½-½ Rashkovsky,N (2510)-Kharitonov,A (2535) RUS-ch Elista 1994 (5)}) 6. Be3 $146 ({RR} 6. a4 a5 7. Ne5 Nf6 8. f3 Nfd7 9. Nc4 Ba6 10. Be3 Bxc4 11. Bxc4 e6 12. Ke2 Bc5 13. Bf4 Bd4 14. c3 Be5 15. Be3 Bc7 16. Nd2 Ne5 17. Bb3 Ng6 18. g3 Nd7 19. f4 O-O 20. Rhd1 Rfd8 {1-0 Terry,R (2521)-Kashefi,A (2188) Titled Tue 11th Jun Late 2024 (7)}) ({RR} 6. c3 Bb7 7. Bf4 Nd7 8. Kc2 Ngf6 9. Nbd2 Nh5 10. Be3 Nhf6 11. h3 e6 12. a4 Bc5 13. Bd4 O-O 14. Bxc5 Nxc5 15. e5 Nfe4 16. b4 Nxd2 17. Nxd2 Nd7 18. f4 c5 19. b5 Rfd8 20. Nc4 Be4+ {1-0 Sanal,V (2567)-Kashefi,A (2193) Titled Tue 27th Feb Early 2024 (5)}) 6... Nf6 7. Bd3 Ng4 8. Ke2 Nxe3 9. Kxe3 g6 10. Nbd2 Bg7 11. c3 Na6 12. Nd4 Bh6+ 13. Ke2 Nc5 14. Rhd1 Nxd3 15. Kxd3 Ba6+ 16. Kc2 c5 17. N4f3 f6 18. e5 Kf7 19. exf6 exf6 20. Ne4 Rad8 21. a4 Be2 22. Nd6+ Kg7 23. Rd5 Bf4 24. Re1 Bxf3 25. Re7+ Kf8 26. Rf7+ Kg8 27. gxf3 Rxd6 28. Rxd6 Bxd6 29. Rxa7 Bxh2 30. Rb7 h5 31. Rxb6 Kg7 32. a5 Ra8 33. a6 h4 34. Rb7+ Kh6 35. a7 Bg1 36. b4 cxb4 37. Rb8 Rxa7 0-1

[Event "45th Olympiad 2024"]
[Site "Budapest HUN"]
[Date "2024.09.15"]
[Round "5.82"]
[Board "3"]
[White "Wong, Kai Meng"]
[Black "Pesqueira, Jose"]
[Result "1-0"]
[WhiteElo "1795"]
[BlackElo "1880"]
[PlyCount "63"]
[EventDate "2024.09.11"]
[WhiteTeam "Macau, China"]
[BlackTeam "Aruba"]
[BlackTeamCountry "ARN"]

1. d4 d5 2. c4 c6 3. Nc3 Nf6 4. Nf3 a6 5. e3 e6 6. Bd3 Nbd7 7. O-O Bd6 ({RR} 7... dxc4 8. Bxc4 b5 {½-½ Basso,P (2553)-Moroni,L (2566) ITA-chTB 52nd 2021 (4.1)}) ({RR} 7... Be7 8. Qe2 O-O 9. Rd1 b5 10. cxd5 cxd5 11. e4 dxe4 12. Nxe4 Bb7 13. Bf4 Nb6 14. Nc5 Bxf3 15. Qxf3 Nbd5 16. Be5 Re8 17. Rac1 Bxc5 18. dxc5 Rc8 19. b4 Qe7 20. Bd6 Qa7 21. a3 a5 22. Bxb5 {1-0 Escudero Donoso,F (2035)-Guzman Lozano,C (1902) Titled Tue 2nd Apr Early 2024 (8)}) 8. Re1 O-O 9. e4 $146 ({RR} 9. Qc2 h6 10. Bd2 b6 11. Rac1 Bb7 12. a3 c5 13. cxd5 exd5 14. dxc5 bxc5 15. Na4 Ne4 16. Red1 Ndf6 17. h3 Re8 18. Nh2 Bxh2+ 19. Kxh2 Nxf2 20. Rf1 Qd6+ 21. g3 Nxd3 22. Qxd3 Ne4 23. Be1 a5 {0-1 Nazarova,O (2050)-Gerasimova,O (1805) Wch Silent (Women) 2004 (2)}) 9... dxe4 10. Nxe4 Nxe4 11. Bxe4 Nf6 12. Bg5 h6 13. Bh4 Be7 14. Bc2 g6 15. Qd3 Nh5 16. Bg3 Nxg3 17. hxg3 Bf6 18. Ne5 Bxe5 19. Rxe5 Qf6 20. Qe3 Kg7 21. f4 Bd7 22. Rf1 Rad8 23. g4 Qh4 24. f5 exf5 25. gxf5 Bxf5 26. Bxf5 gxf5 27. Rf4 Qh5 28. Rexf5 Qg6 29. Qf3 Qe6 30. Rf6 Qxc4 31. Rg4+ Kh7 32. Rxh6+ 1-0

[Event "45th Olympiad 2024"]
[Site "Budapest HUN"]
[Date "2024.09.15"]
[Round "5.83"]
[Board "1"]
[White "D'Amico, Nicola"]
[Black "Fancy, Stuart"]
[Result "0-1"]
[WhiteElo "1801"]
[BlackElo "1921"]
[PlyCount "44"]
[EventDate "2024.09.11"]
[WhiteTeam "San Marino"]
[BlackTeam "Papua New Guinea"]
[WhiteTeamCountry "SMR"]
[BlackTeamCountry "PNG"]

1. e4 c5 2. Nf3 e6 3. c3 Nf6 4. e5 Nd5 5. d4 cxd4 6. cxd4 Nc6 7. a3 Be7 8. Bc4 ({RR} 8. Bd3 b6 9. O-O Bb7 10. Bd2 Rc8 11. Nc3 Nxc3 12. Bxc3 Na5 13. Nd2 O-O 14. Rc1 Bd5 15. Qe2 Rc7 16. b4 Nb7 17. Bb2 a5 18. b5 d6 19. Rxc7 Qxc7 20. Rc1 Qd8 21. Nc4 dxe5 22. Nxe5 Bd6 {½-½ Kharchenko,B (2437)-Michalik,P (2455) EU-Cup 26th Plovdiv 2010 (3.2)}) ({RR} 8. Bd3 O-O 9. O-O f5 10. exf6 Nxf6 11. Nc3 d5 12. Re1 Bd7 13. Bg5 Rc8 14. Qe2 h6 15. Bh4 Qe8 16. Rad1 Qh5 17. Bb1 g5 18. Bg3 Rf7 19. Qd3 Rcf8 20. Re2 Ne8 21. Rde1 Nd6 22. Ne5 Nxe5 {1-0 Balla,T (2303)-Broca Jimenez,F (2075) Titled Tue 1st Aug Late 2023 (5)}) 8... Nb6 9. Bd3 d6 10. O-O O-O $146 ({RR} 10... a6 11. Nc3 dxe5 12. dxe5 Nd7 13. Bf4 b5 14. Be4 Bb7 15. Nd4 Rc8 16. Nxc6 Bxc6 17. Bxc6 Rxc6 18. Qg4 g6 19. Rad1 h5 20. Qe2 Qc8 21. h3 Rc4 22. Bd2 Nc5 23. f4 Qc6 24. Be3 O-O 25. Qf3 {½-½ Welter,B (1707)-Paulus,S (1809) Saarland-ch A 2005 (2)}) 11. Nc3 Nd5 12. Ne4 dxe5 13. dxe5 Qc7 14. Re1 h6 15. Ng3 Bc5 16. Bb1 Nce7 17. Qd3 Ng6 18. Nh4 Nde7 19. Nh5 Qb6 20. Be3 Bxe3 21. Rxe3 Qxb2 22. Ra2 Qc1+ 0-1

[Event "45th Olympiad 2024"]
[Site "Budapest HUN"]
[Date "2024.09.15"]
[Round "5.83"]
[Board "2"]
[White "McCoy, Tom"]
[Black "Righi, Ezio"]
[Result "1/2-1/2"]
[WhiteElo "1883"]
[BlackElo "1909"]
[PlyCount "60"]
[EventDate "2024.09.11"]
[WhiteTeam "Papua New Guinea"]
[BlackTeam "San Marino"]
[WhiteTeamCountry "PNG"]
[BlackTeamCountry "SMR"]

1. e4 c5 2. c3 Nf6 3. e5 Nd5 4. Nf3 d6 5. d4 cxd4 6. cxd4 Nc6 7. Bc4 dxe5 8. dxe5 Ndb4 9. Qxd8+ Nxd8 10. Na3 Bg4 11. Nd4 ({RR} 11. Bd2 Nbc6 12. Bc3 Bxf3 13. gxf3 a6 14. Nc2 e6 15. Bd3 Rc8 16. Be4 Be7 17. f4 f5 18. exf6 Bxf6 19. Bxf6 gxf6 20. f5 Ne7 21. O-O-O exf5 22. Bf3 Rc7 23. Kb1 Ndc6 24. Bh5+ Ng6 25. Ne3 Nce7 {½-½ Mamedov,R (2655)-Giri,A (2790) Gashimov Memorial 3rd 2016 (1)}) 11... Rc8 $146 ({RR} 11... Ndc6 12. Nxc6 Nxc6 13. f4 e6 14. Be3 Bb4+ 15. Kf2 O-O-O 16. h3 Bf5 17. Rhd1 a6 18. Be2 Bxa3 19. bxa3 Rxd1 20. Rxd1 Rd8 21. Rc1 Kc7 22. Bf3 Rd3 23. g4 Bg6 24. Bc5 Rd2+ 25. Ke3 Rxa2 26. Bd6+ {½-½ Sebag,M (2496)-Muzychuk,M (2528) Cap d'Agde Karpov qual 4th rapid 2015 (6)}) ({RR} 11... Ndc6 12. Nxc6 Nxc6 13. h3 Bd7 14. Bf4 Rc8 15. O-O e6 16. Rad1 a6 17. Be2 Nb4 18. Nc4 Bc5 19. a3 Nd5 20. Bg3 Bb5 21. Rc1 O-O 22. Rfd1 Rfd8 23. Kf1 Be7 24. Nd6 Rxc1 25. Rxc1 Bc6 26. b4 {1-0 Shuvalova,P (2496)-Nielsen,V (2345) Titled Tue 22nd Aug Late 2023 (3)}) ({RR} 11... Ndc6 12. Nxc6 Nxc6 13. f4 e6 14. Be3 Bb4+ 15. Kf2 O-O-O 16. Rac1 Kb8 17. h3 Bf5 18. Rhd1 h5 19. Nb5 Be4 20. a3 Be7 21. b4 Bd5 22. Bxd5 Rxd5 23. Rxd5 exd5 24. Bc5 Bxc5+ 25. Rxc5 Rd8 26. Ke3 {1-0 Ioffe,I (2214)-Pogorelskikh,S (2050) Voronezh op-A 21st 2017 (3)}) ({RR} 11... Ndc6 12. Nxc6 Nxc6 13. h3 Bd7 14. Bf4 a6 15. Rd1 e6 16. O-O Rc8 17. Be2 Bxa3 18. bxa3 Ne7 19. Rc1 Bc6 20. Bd2 Kd7 21. Bb4 Bd5 22. Bxe7 Kxe7 23. Bf3 b5 24. Rfd1 Bxa2 25. Bb7 Rc4 26. Bxa6 {0-1 Stelmaszyk,N (2190)-Kovacevic,A (2472) Oberliga Nord W 1920 2019 (2.2)}) 12. Bd2 e6 13. Rc1 Ndc6 14. Nxc6 Nxc6 15. Bb5 Bxa3 16. bxa3 O-O 17. Bxc6 Rxc6 18. Rxc6 bxc6 19. Bb4 c5 20. Bxc5 Rc8 21. Be3 Rc3 22. O-O Rxa3 23. Rb1 h6 24. Rb2 Bf5 25. Bc5 Ra5 26. Bd6 Be4 27. f3 Bd5 28. a3 Kh7 29. Kf2 Ra6 30. Rc2 Rc6 1/2-1/2

[Event "45th Olympiad 2024"]
[Site "Budapest HUN"]
[Date "2024.09.15"]
[Round "5.83"]
[Board "3"]
[White "Grassi, Enrico"]
[Black "Jones, Rupert"]
[Result "0-1"]
[WhiteElo "1965"]
[BlackElo "1849"]
[PlyCount "88"]
[EventDate "2024.09.11"]
[WhiteTeam "San Marino"]
[BlackTeam "Papua New Guinea"]
[WhiteTeamCountry "SMR"]
[BlackTeamCountry "PNG"]

1. e4 c6 2. d4 d5 3. exd5 cxd5 4. c4 Nf6 5. Nc3 Nc6 6. Nf3 Bg4 7. cxd5 Nxd5 8. Qb3 Bxf3 9. gxf3 e6 10. Qxb7 Nxd4 11. Bb5+ Nxb5 12. Qc6+ Ke7 13. Nxd5+ ({RR} 13. Qc5+ Qd6 14. Nxd5+ exd5 15. Qxb5 Qe6+ 16. Be3 Kf6 17. O-O-O Bd6 18. Rxd5 Be5 19. Bg5+ Kf5 20. Rg1 Qc8+ 21. Kb1 f6 22. f4 Rd8 23. Rxe5+ {1-0 Jobava,B (2588)-Donchenko,A (2636) Cappelle Online Blitz op 2022 (5)}) 13... Qxd5 14. Qxd5 exd5 15. O-O $146 ({RR} 15. Be3 d4 16. Bf4 Kf6 17. a4 Bb4+ 18. Kf1 Nd6 19. Rd1 Nf5 20. Rg1 h6 21. Rg4 Rac8 22. Bc1 Rhe8 23. Rf4 Rc2 24. Kg2 Be1 {0-1 Barth,H (1877)-Brinkmann,F (1822) Dortmund Sparkassen op-B 2013 (3)}) 15... f6 16. a4 Nc7 17. Be3 Kd7 18. Rfd1 Bd6 19. Rac1 Rab8 20. Bxa7 Rxb2 21. a5 Rb5 22. Bb6 Re8 23. Rb1 Rxb1 24. Rxb1 Ra8 25. Rc1 Na6 26. Rd1 Kc6 27. Rc1+ Bc5 28. Re1 Kd6 29. Rb1 Rb8 30. Bxc5+ Kxc5 31. Rc1+ Kd6 32. Rc2 Rb5 33. Rc8 Rxa5 34. Rg8 d4 35. Kf1 g6 36. Ke2 Rh5 37. Kd3 Nc5+ 38. Kxd4 Ne6+ 39. Ke3 f5 40. Ra8 Rxh2 41. Ra6+ Ke5 42. f4+ Kf6 43. Kf3 Rh4 44. Kg3 Rg4+ 0-1

[Event "45th Olympiad 2024"]
[Site "Budapest HUN"]
[Date "2024.09.15"]
[Round "5.84"]
[Board "1"]
[White "Kudakwashe Chinake"]
[Black "Asante Debesai Zerabruk"]
[Result "1/2-1/2"]
[WhiteElo "1859"]
[BlackElo "1908"]
[PlyCount "105"]
[EventDate "2024.09.11"]
[WhiteTeam "Cayman Islands"]
[BlackTeam "Eritrea"]
[WhiteTeamCountry "CAY"]
[BlackTeamCountry "ERI"]

1. d4 Nf6 2. Nc3 g6 3. Bf4 d5 4. e3 Bg7 5. Nb5 Na6 6. h4 ({RR} 6. Be2 O-O 7. h4 c6 8. Nc3 c5 9. h5 Qb6 10. Rb1 cxd4 11. exd4 Nb4 12. a3 Qxd4 13. Bd2 Nc6 14. Nf3 Qb6 15. Be3 d4 16. Bxd4 Nxd4 17. Qxd4 Qxd4 18. Nxd4 Nxh5 19. Ndb5 Nf4 20. Bf3 Bf5 {0-1 Nihal,S (2620)-Shankland,S (2691) Chess24 Banter Blitz Cup Qual-A 2020 (3.2)}) 6... c6 $146 ({RR} 6... h5 7. Nf3 O-O 8. Be2 c6 9. Nc3 b5 10. Ne5 b4 11. Na4 Qe8 12. Bxa6 Bxa6 13. Nc5 Bc8 14. f3 Nd7 15. Ncxd7 Bxd7 16. g4 f6 17. Nxd7 Qxd7 18. gxh5 e5 19. dxe5 fxe5 20. Bg5 gxh5 21. Qe2 {½-½ Tudoroiu,R (1980)-Cruz de la Osa,R (2258) Romania GP Brasov 2023 (6.35)}) ({RR} 6... Ne4 7. h5 g5 8. h6 Bf8 9. Be5 Rg8 10. Nc3 Nxc3 11. bxc3 f6 12. Qh5+ Rg6 13. Qxg6+ hxg6 14. h7 fxe5 15. h8=Q Bf5 16. Qxe5 Qd7 17. a4 e6 18. Bb5 c6 19. Bxa6 bxa6 20. Rb1 Bxc2 21. Rb8+ {1-0 Mikhalchenko,P (2322)-Mullodzhanov,N (1878) Titled Tue 27th Feb Late 2024 (3)}) ({RR} 6... h5 7. Nf3 O-O 8. Ne5 c6 9. Nc3 c5 10. Bxa6 bxa6 11. O-O cxd4 12. exd4 Qa5 13. Nc6 Qb6 14. Nxe7+ Kh7 15. Nexd5 Nxd5 16. Nxd5 Qxb2 17. Rb1 Qxa2 18. Nc7 Bf5 19. Nxa8 Bxc2 20. Ra1 Qb3 21. Qd2 {1-0 So,W (2760)-Movahed,S (2340) Titled Tue 18th Apr Early 2023 (6)}) ({RR} 6... h5 7. Nf3 Bg4 8. Be2 Ne4 9. O-O c6 10. Nc3 Nxc3 11. bxc3 Nc7 12. Rb1 Qc8 13. Be5 O-O 14. Bxg7 Kxg7 15. c4 Bxf3 16. Bxf3 dxc4 17. Qe2 Nb5 18. Qxc4 Na3 19. Qb4 Nxb1 20. Rxb1 e6 21. c4 {1-0 So,W (2761)-Madaminov,M (2436) Titled Tue 14th Mar Early 2023 (8)}) 7. Na3 Ne4 8. f3 Qa5+ 9. c3 Nd6 10. Nc2 Qb6 11. b4 Nc7 12. Bd3 Bf5 13. Bxd6 Bxd3 14. Qxd3 exd6 15. Ne2 h5 16. a4 Ne6 17. f4 O-O-O 18. a5 Qc7 19. b5 c5 20. O-O Qe7 21. g3 Bh6 22. a6 b6 23. e4 Rhe8 24. exd5 Nc7 25. Rae1 Qe4 26. Qxe4 Rxe4 27. c4 Rde8 28. Nc3 Rxe1 29. Rxe1 Rxe1+ 30. Nxe1 Bg7 31. Nf3 cxd4 32. Ne2 d3 33. Nc1 Bc3 34. Nxd3 f5 35. Kf1 Ne8 36. Ke2 Nf6 37. Nf2 Kd7 38. Kd3 Bb2 39. Nd1 Ba1 40. Nf2 Bb2 41. Ng5 Ng4 42. Nxg4 hxg4 43. Ne6 Ke7 44. Nc7 Ba3 45. Ne6 Bb2 46. Ke2 Bc3 47. Ke3 Bb4 48. h5 gxh5 49. Ng7 Kf6 50. Nxh5+ Kg6 51. Kf2 Kxh5 52. Kg2 Bc5 53. Kh2 1/2-1/2

[Event "45th Olympiad 2024"]
[Site "Budapest HUN"]
[Date "2024.09.15"]
[Round "5.84"]
[Board "2"]
[White "Weldegebriel Beraki, Kibrom"]
[Black "Young, Christopher"]
[Result "1-0"]
[WhiteElo "1885"]
[BlackElo "1758"]
[PlyCount "63"]
[EventDate "2024.09.11"]
[WhiteTeam "Eritrea"]
[BlackTeam "Cayman Islands"]
[WhiteTeamCountry "ERI"]
[BlackTeamCountry "CAY"]

1. d4 Nf6 2. c4 g6 3. Nc3 Bg7 4. e4 d6 5. Be2 O-O 6. Nf3 e5 7. d5 a5 8. Bg5 Nbd7 9. Nd2 Nc5 10. O-O h6 11. Be3 Nfd7 12. b3 f5 13. f3 Nf6 14. a3 f4 15. Bf2 g5 16. b4 axb4 17. axb4 Rxa1 18. Qxa1 Na6 19. Qa3 h5 $146 ({RR} 19... g4 20. fxg4 Nxg4 21. c5 Nxf2 22. Rxf2 Rf6 23. c6 Nb8 24. Qa8 f3 25. Bxf3 {1-0 Souza Neves,A (2205)-Leite,T (1853) Manaus Regional Norte-ch 2017 (7)}) 20. c5 Nb8 21. cxd6 cxd6 22. Nc4 Ne8 23. Bb6 Qd7 24. b5 Nc7 25. Qa7 Nba6 26. bxa6 Nxa6 27. Bf2 g4 28. Nb6 Qc7 29. Nb5 Qe7 30. Rc1 g3 31. Nxc8 gxf2+ 32. Qxf2 1-0

[Event "45th Olympiad 2024"]
[Site "Budapest HUN"]
[Date "2024.09.15"]
[Round "5.84"]
[Board "3"]
[White "Shaw, Clifford"]
[Black "Lilay Weldu Gebru"]
[Result "0-1"]
[WhiteElo "1744"]
[BlackElo "1977"]
[PlyCount "74"]
[EventDate "2024.09.11"]
[WhiteTeam "Cayman Islands"]
[BlackTeam "Eritrea"]
[WhiteTeamCountry "CAY"]
[BlackTeamCountry "ERI"]

1. e4 c5 2. d4 cxd4 3. c3 dxc3 4. Nxc3 Nc6 5. Nf3 e6 6. Bc4 d6 7. O-O Be7 8. Qe2 a6 9. Rd1 Qc7 10. Bf4 b5 11. Bxb5 axb5 12. Nxb5 Qb6 13. Nxd6+ Bxd6 14. Rxd6 Nge7 15. a3 $146 ({RR} 15. Ne5 O-O 16. Rc1 Qa6 17. Qxa6 Bxa6 18. Nxc6 Nxc6 19. Rdxc6 Bb7 20. Rc7 Bxe4 21. a3 h6 22. f3 Bg6 23. Ra1 Rfb8 24. Ra7 Rxa7 25. Bxb8 Rb7 26. Be5 f6 27. Bc3 Be8 28. a4 Ra7 29. a5 Bb5 {1-0 Kaluzny,M (1651)-Palasek,J (1654) CZE-ch U12 Sec u Chrudimi 2008 (6)}) 15... O-O 16. Rc1 Rd8 17. e5 Ba6 18. Qd2 Rxd6 19. exd6 Nd5 20. b4 Bb5 21. Ne5 Nd4 22. d7 Ne2+ 23. Qxe2 Bxe2 24. Rc8+ Qd8 25. Rxa8 Qxa8 26. Nc6 Nxf4 27. d8=Q+ Qxd8 28. Nxd8 Bb5 29. f3 Kf8 30. Nb7 Ke7 31. Kf2 Ba6 32. Nc5 Nd3+ 33. Nxd3 Bxd3 34. Ke3 Bb5 35. Kd4 Kd6 36. f4 f6 37. g3 e5+ 0-1